| Tag |
First Indicator |
Second Indicator |
Subfields |
| LEADER |
00000cam a2200000Ma 4500 |
| 001 |
in00002136643 |
| 005 |
20151103155318.0 |
| 008 |
050718s2005 xr ahg 101 0 eng d |
| 015 |
|
|
|a GBA579048
|2 bnb
|
| 016 |
7 |
|
|a 013294235
|2 Uk
|
| 020 |
|
|
|a 8086277437
|
| 035 |
|
|
|a (OCoLC)ocm61083246
|
| 040 |
|
|
|a EQO
|c EQO
|d UKM
|d BAKER
|d TPN
|d TXA
|d UtOrBLW
|
| 041 |
0 |
|
|a eng
|a ger
|
| 049 |
|
|
|a TXAM
|
| 082 |
0 |
4 |
|a 932.0072
|2 22
|
| 090 |
|
|
|a DT60
|b .E39 2005
|
| 245 |
0 |
0 |
|a Egypt and Austria I :
|b proceedings of the symposium : Czech Institute of Egyptology, August 31st to September 2nd, 2004 /
|c edited by Johanna Holaubek and Hana Navrátilová.
|
| 264 |
|
1 |
|a Praha :
|b Set Out,
|c 2004.
|
| 300 |
|
|
|a 172 pages :
|b illustrations, facsimiles, music ;
|c 22 cm.
|
| 336 |
|
|
|a text
|b txt
|2 rdacontent
|
| 337 |
|
|
|a unmediated
|b n
|2 rdamedia
|
| 338 |
|
|
|a volume
|b nc
|2 rdacarrier
|
| 546 |
|
|
|a Text in English or German.
|
| 504 |
|
|
|a Includes bibliographical references (pages 163-168) and index.
|
| 650 |
|
0 |
|a Egyptology
|z Austria
|v Congresses.
|
| 650 |
|
0 |
|a Austrians
|z Egypt
|v Congresses.
|
| 650 |
|
0 |
|a Czechs
|z Egypt
|v Congresses.
|
| 700 |
1 |
|
|a Holaubek, Johanna.
|
| 700 |
1 |
|
|a Navrátilová, Hana.
|
| 710 |
2 |
|
|a Český egyptologický ústav.
|
| 994 |
|
|
|a C0
|b TXA
|
| 948 |
|
|
|a cataloged
|b h
|c 2006/5/23
|d c
|e jlanham
|f 1:53:58 pm
|
| 999 |
|
|
|a MARS
|
| 999 |
f |
f |
|s 9ddf90d9-675a-3f6c-99cf-645b677c41ca
|i 61c56a43-c572-300c-b830-eed8d328cc9f
|t 0
|
| 952 |
f |
f |
|p normal
|a Texas A&M University
|b College Station
|c Sterling C. Evans Library
|d Evans: Library Stacks
|t 0
|e DT60 .E39 2005
|h Library of Congress classification
|i unmediated -- volume
|m A14832744051
|
| 998 |
f |
f |
|a DT60 .E39 2005
|t 0
|l Evans: Library Stacks
|